000 00302nam a22001097a 4500
999 _c521730
_d521730
082 _aTNC z1x54 Sh11
100 _aShah, S.Y.
_935899
245 _aAn Encyclopedia Of Indian Adult Education
260 _aNew Delhi
_bNational Literacy Mission
_c1999
300 _a365p.
650 _aEducation - India
_940152